Hospodárska úprava lesa, ekonomika a lesnícka politika. : Zborník... 3. sekcia. /

Uložené v:
Podrobná bibliografia
Ďalší autori: Mosný, Vladimír (Compiler)
Médium: Kniha
Jazyk:Slovak
Vydané: Zvolen : Lesnícky výskumný ústav, 1993
Vydanie:1. vyd.
Témy:
ISBN: 8090116760 (brož.)
Fyzický popis: 193 s.
Tagy: Pridať tag
Žiadne tagy, Buďte prvý kto otaguje tento záznam!

MARC

LEADER 00000nam a2200000 a 4500
001 000073821
003 SVKK
005 20010430000000.0
008 001128s1993 xo e sloo
020 |a 8090116760 (brož.) 
040 |a SVKKK  |b slo  |c SVKKK  |e AACR2 
041 0 |a slo 
044 |a xo  |c SK 
080 |a 630:574(082)  |2 1997 
080 |a 630.6/.7(082)  |2 1997 
245 0 0 |a Hospodárska úprava lesa, ekonomika a lesnícka politika. :  |b Zborník... 3. sekcia. /  |c Zost. Vladimír Mosný 
250 |a 1. vyd. 
260 |a Zvolen :  |b Lesnícky výskumný ústav,  |c 1993 
300 |a 193 s. 
504 |a Resumé angl. 
653 0 |a lesy  |2 SVKKKPH 
653 0 |a ekológia  |2 SVKKKPH 
653 0 |a Slovensko  |2 SVKKKPH 
653 0 |a zborníky  |2 SVKKKPH 
655 7 |a zborníky  |2 SVKKKPH 
700 1 |a Mosný, Vladimír  |4 com 
910 |a svkkk 
919 |a 80-901167-6-0 
974 |a MI  |d 20001128 
974 |a PA  |d 20001128 
974 |a PA  |d 20010430 
998 |a BK 
090 |g SCKHL  |k Sklad Pribinova 2. posch.  |a II.355254  |j 865112  |i 2720157828  |s Povinný výt.